Schach: lass dich nicht schlagen #6 - Sudden Death - Statistiken

Allgemein
  • Dieses Quiz wurde 251 mal gespielt
  • Das Durchschnittsergebnis liegt bei 13 aus 28
Answers on the Grid
Answers color-coded by a green-red scale on the quiz's grid according to % correct below.
a8
b8
c8
d8
e8
f8
g8
h8
a7
b7
c7
d7
e7
f7
g7
h7
a6
d6
e6
f6
g6
h6
a5
b5
g5
h5
a4
b4
d4
f4
g4
h4
a3
f3
g3
h3
a2
b2
c2
d2
e2
f2
g2
h2
a1
b1
c1
d1
e1
f1
g1
h1
 
Antwortstatistiken
Antwort % Korrekt
c8
53%
h8
53%
d8
51%
g6
50%
g8
50%
h7
50%
a7
50%
f8
49%
g5
48%
e6
47%
h1
46%
g1
45%
f1
44%
g4
44%
a5
44%
g2
43%
h5
43%
f7
42%
c7
42%
e1
42%
f6
42%
a1
41%
c1
40%
d2
40%
f2
39%
f4
39%
h2
39%
h3
38%
Keine übereinstimmenden Quizze gefunden
Verteilung der Resultate
Anzahl Personen mit jedem Resultat
Perzentil nach korrekt beantworteten Fragen
Ihre Resultats-Entwicklung
Sie haben dieses Quiz noch nicht gespielt